Представление документа в формате RUSMARC

ПолеНазваниеЗначение
  Тип записи a
  Библиографический уровень a
001 Контрольный номер RU/CBS_Ul/BASE/530301223
005 Дата корректировки 20250122233010.1
100 Данные общей обработки __
a Данные общей обработки 20161020d2016 ||| 0rusy0189 ca
101 Язык документа 0_
a Язык текста rus
102 Страна публикации __
a Страна публикации RU
105 Кодированные данные (монография) __
a Кодированные данные (монография) y###||||000|y
200 Заглавие и сведения об ответственности 1_
a Заглавие "Я бы хотел станцевать"
b Общее обозначение материала Текст
e Сведения, относящиеся к заглавию [беседа с оперным певцом Дмитрием Хворостовским о том, как научиться правильно воспринимать классику]
f Первые сведения об ответственности В. Полупанов
300 Общие примечания __
a Общие примечания Ограничения по возрасту - 16+
461 Уровень набора _0
1 2000
a Аргументы и факты
463 Уровень физической единицы _0
1 001RU/CBS_Ul/BASE/530201228
1 2000
a № 42 (19-25 окт.)
v С. 17 : фото
1 210
d 2016
600 Персоналии _0
a Персоналии (Фамилия) Хворостовский
b Персоналии (Имя, инициалы) Д.А.
606 Тематические рубрики 0_
a Основная рубрика Хворостовский, Дмитрий Александрович (1962)
610 Ключевые слова 0_
a Ключевые слова артисты российские
a Ключевые слова опера
a Ключевые слова оперный театр
a Ключевые слова певцы оперные
a Ключевые слова советские оперные певцы
a Ключевые слова российские оперные певцы
a Ключевые слова баритоны
a Ключевые слова народные артисты России
a Ключевые слова лауреаты Государственной премии РСФСР имени Глинки
686 Индексы других классификаций __
a Классификационный индекс 85.335.41
2 Код системы ББК
700 Автор _1
a Фамилия Полупанов
b Имя (инициалы) В.
801 Источник записи _0
a Страна RU
b Организация МБУК ЦБС г. Ульяновска
c Дата составления 20161020
g Правила каталогизации RCR
801 Источник записи _1
a Страна RU
b Организация МБУК ЦБС г. Ульяновска
c Дата составления 20161020
g Правила каталогизации RCR
901 Тип документа __
t Тип документа f
w Контрольный № источника RU/CBS_Ul/BASE/530201228
910 Корректоры записи __
a Корректор записи Библиотека 1
938 Служебная информация __
a Имя БД period